BIBLIOTECA PODER JUDICIAL
Portal Judicial TDF

El derecho al propio cuerpo de niños, niñas y adolescentes : (Registro nro. 5848)

000 -LEADER
fixed length control field 01491nab a22002057a 4500
003 - CONTROL NUMBER IDENTIFIER
control field OSt
005 - DATE AND TIME OF LATEST TRANSACTION
control field 20260108211718.0
008 - FIXED-LENGTH DATA ELEMENTS--GENERAL INFORMATION
fixed length control field 190514b xxu||||| |||| 00| 0 spa d
040 ## - CATALOGING SOURCE
Transcribing agency PJ
100 ## - MAIN ENTRY--PERSONAL NAME
9 (RLIN) 800
Personal name Kemelmajer de Carlucci, Aída
245 13 - TITLE STATEMENT
Title El derecho al propio cuerpo de niños, niñas y adolescentes :<br/>
Remainder of title balance, consolidación y desafíos en la aplicación del art. 26 /
Statement of responsibility, etc Aída Kemelmajer.
300 ## - PHYSICAL DESCRIPTION
Extent p. 41-56
505 ## - FORMATTED CONTENTS NOTE
Formatted contents note Sumario: I. Propósito y límites.— II. Puntos de partida.— III. Consentimiento informado para el acto médico de los NNA.— IV. Un supuesto diferente. Información sobre el estado de salud del NNA.— V. El consentimiento informado para las transfusiones sanguíneas.— VI. Consentimiento para otras terapias médicas. El multiculturalismo.— VII. Salud mental, consumo de drogas. Internaciones.— VIII. Trasplante de órganos y consentimiento informado.— IX. Ligadura de trompas.— X. Interrupción del embarazo.— XI. Identidad de género.— XII. Directivas anticipadas.— XIII. Decisiones sobre el final de la vida.— XIV. Breves palabras para seguir pensando.
505 ## - FORMATTED CONTENTS NOTE
Title Si te interesa el texto, comunicate a koha@justierradelfuego.gov.ar
650 #0 - SUBJECT ADDED ENTRY--TOPICAL TERM
9 (RLIN) 1497
Topical term or geographic name as entry element CODIGO CIVIL Y COMERCIAL
650 #0 - SUBJECT ADDED ENTRY--TOPICAL TERM
9 (RLIN) 967
Topical term or geographic name as entry element DERECHO DE FAMILIA
650 #0 - SUBJECT ADDED ENTRY--TOPICAL TERM
9 (RLIN) 2741
Topical term or geographic name as entry element DERECHOS DE LAS NIÑAS, NIÑOS Y ADOLESCENTES
773 0# - HOST ITEM ENTRY
Host Biblionumber 2844
Host Itemnumber 3222
Place, publisher, and date of publication Buenos Aires : AbeledoPerrot, 1989-
Title Derecho de familia. N° 120 - Julio 2025
International Standard Book Number 18511201
942 ## - ADDED ENTRY ELEMENTS (KOHA)
Source of classification or shelving scheme
Koha item type Analítica Artículo de Revista

No hay ítems disponibles.

12 de Octubre 789 Ushuaia - Tel:  54(02901)441571
Horario de Atención: 8.00 a 17.00 hs. 
bibliotecaush@justierradelfuego.gov.ar
koha@justierradelfuego.gov.ar
Seguinos en nuestras redes @bibliojustdf 

Con tecnología Koha